000 00277nam a22001337a 4500
008 170925b xxu||||| |||| 00| 0 eng d
020 _a1928896073
041 _aeng
080 _a37
100 _a46
101 _aEDU
245 _aCLASS MEETINGS
_cVANCE,E
942 _2udc
_cBK
999 _c29718
_d29718